Las ciudades latinoamericanas en la crisis : (Registro nro. 18639)

Detalles MARC
000 -LEADER
fixed length control field 01197nam a2200289 4500
001 - CONTROL NUMBER
control field 0000016030
003 - CONTROL NUMBER IDENTIFIER
control field CO-CtgCURN
005 - DATE AND TIME OF LATEST TRANSACTION
control field 20250508191206.0
008 - FIXED-LENGTH DATA ELEMENTS--GENERAL INFORMATION
fixed length control field 160627s1989 000 0 eng d
020 ## - INTERNATIONAL STANDARD BOOK NUMBER
International Standard Book Number 9682429242
040 ## - CATALOGING SOURCE
Original cataloging agency CO-CtgCURN
Language of cataloging spa
Transcribing agency coctgcurn
082 0# - DEWEY DECIMAL CLASSIFICATION NUMBER
Classification number 339.508
Item number S752c
100 1# - MAIN ENTRY--PERSONAL NAME
Personal name Schteingart, Martha.
245 14 - TITLE STATEMENT
Title Las ciudades latinoamericanas en la crisis :
Remainder of title problemas y desafios /
Statement of responsibility, etc. Martha Schteingart.
260 ## - PUBLICATION, DISTRIBUTION, ETC.
Place of publication, distribution, etc. Mexico :
Name of publisher, distributor, etc. Trillas,
Date of publication, distribution, etc. 1989.
300 ## - PHYSICAL DESCRIPTION
Extent 286 p.
336 ## - CONTENT TYPE
Source rdacontent
337 ## - MEDIA TYPE
Source rdamedia
Media type term sin mediacion
Media type code n
338 ## - CARRIER TYPE
Source rdacarrier
Carrier type term volumen
Carrier type code nc
500 ## - GENERAL NOTE
General note Incluye indice onomastico.
504 ## - BIBLIOGRAPHY, ETC. NOTE
Bibliography, etc. note Incluye bibliografia.
505 8# - FORMATTED CONTENTS NOTE
Formatted contents note Análisis general.--Privatizacion de los ervicios publicos.--Los movimientos sociales urbanos en america latina.--Crisi y consecuencias urbanas.--Finanzas publicas en la ciudad de mexico.--Desarrollo economico.--Zonas Subdesarrolladas. Condiciones economicas.--El sector inmobiliario y la vivienda en crisis
650 #0 - SUBJECT ADDED ENTRY--TOPICAL TERM
Topical term or geographic name entry element Desarrollo economico.
908 ## - PUT COMMAND PARAMETER (RLIN)
Put command parameter 160627
942 ## - ADDED ENTRY ELEMENTS (KOHA)
Koha item type Libros
Classification part 339.508
Item part S752c
Source of classification or shelving scheme Dewey Decimal Classification
Suppress in OPAC No
Existencias
Withdrawn status Lost status Source of classification or shelving scheme Damaged status Not for loan Collection Home library Current library Shelving location Date acquired Inventory number Total checkouts Full call number Barcode Date last seen Price effective from Koha item type Public note
    Dewey Decimal Classification     General Miguel Henríquez Castañeda Miguel Henríquez Castañeda General 03/04/2019 003300   339.508 S752c 003300 03/04/2019 03/04/2019 Libros 330-ECONOM